000
00354nam a2200181Ia 4500
100
_a
Bhat/Sujata V
650
_a
Chemistry
250
_a
2
942
_c
BK
366
_f
10
654
_a
biomaterials
245
_a
BioMaterials
260
_b
Narosa
_a
Mumbai
_c
2005
082
_a
542/BHA
_b
BHA
300
_a
279
546
_a
ENGLISH
999
_c
30578
_d
30578